[Event "San Francisco TNM Fall op"]
[Site "San Francisco"]
[Date "2017.10.31"]
[Round "2"]
[White "Otterbach, Renate"]
[Black "Simpkins, Jerry"]
[Result "0-1"]
[WhiteElo "1159"]
[BlackElo "1548"]
[PlyCount "42"]
[EventDate "2017.10.24"]
[EventType "swiss"]
[EventRounds "9"]
[EventCountry "USA"]
[SourceTitle "EXT 2023"]
[Source "ChessBase"]
[SourceDate "2022.10.05"]
[SourceVersion "1"]
[SourceVersionDate "2022.10.05"]
[SourceQuality "1"]

1. d4 e5 2. dxe5 Nc6 3. Nf3 Qe7 4. Bf4 Qb4+ 5. Bd2 Qxb2 6. Nc3 Nb4 7. Rc1 Nxa2 8. Nxa2 Qxa2 9. e4 Bc5 10. Bd3 Qe6 11. Rb1 Qg4 12. Rg1 Ne7 13. Ng5 Qxd1+ 14. Kxd1 Nc6 15. Bc3 Bd4 16. Bxd4 Nxd4 17. c3 Ne6 18. Nh3 b6 19. f4 Bb7 20. f5 Nc5 21. Bc4 Nxe4 0-1

[Event "San Francisco Grey Memorial"]
[Site "San Francisco"]
[Date "2017.09.05"]
[Round "5"]
[White "Liang, Ting"]
[Black "Otterbach, Renate"]
[Result "1-0"]
[WhiteElo "1559"]
[BlackElo "1264"]
[PlyCount "63"]
[EventDate "2017.08.08"]
[EventType "swiss"]
[EventRounds "9"]
[EventCountry "USA"]
[SourceTitle "EXT 2023"]
[Source "ChessBase"]
[SourceDate "2022.10.05"]
[SourceVersion "1"]
[SourceVersionDate "2022.10.05"]
[SourceQuality "1"]

1. c4 e5 2. Nc3 Nf6 3. g3 Bc5 4. e3 d6 5. Bg2 Nc6 6. Nge2 a6 7. 0-0 Bd7 8. d4 exd4 9. exd4 Ba7 10. Re1 0-0 11. Nd5 Rb8 12. Bg5 Bf5 13. b4 Be6 14. b5 Bxd5 15. Bxd5 Nb4 16. Nf4 Nbxd5 17. Nxd5 axb5 18. Nxf6+ gxf6 19. Bh6 f5 20. Bxf8 Kxf8 21. cxb5 Qf6 22. d5 Bd4 23. Rc1 Bb6 24. Rc4 Qb2 25. Re2 Qf6 26. Qe1 Kg7 27. a4 Ra8 28. g4 f4 29. Ree4 f3 30. Rf4 Qh4 31. Rxf3 Kf8 32. Rcf4 1-0

[Event "San Francisco Grey Memorial"]
[Site "San Francisco"]
[Date "2017.08.15"]
[Round "2"]
[White "Chambers, Ezra Paul"]
[Black "Otterbach, Renate"]
[Result "1-0"]
[WhiteElo "2175"]
[BlackElo "1264"]
[PlyCount "85"]
[EventDate "2017.08.08"]
[EventType "swiss"]
[EventRounds "9"]
[EventCountry "USA"]
[SourceTitle "EXT 2023"]
[Source "ChessBase"]
[SourceDate "2022.10.05"]
[SourceVersion "1"]
[SourceVersionDate "2022.10.05"]
[SourceQuality "1"]

1. e4 e6 2. d4 d5 3. Nd2 c5 4. exd5 exd5 5. Ngf3 Nc6 6. Be2 Nf6 7. 0-0 Bd6 8. dxc5 Bxc5 9. Nb3 Bb6 10. c3 Bf5 11. Nfd4 Bd7 12. Be3 0-0 13. Nxc6 Bxc6 14. Bxb6 Qxb6 15. Qd4 Nd7 16. Rfe1 Qc7 17. Rad1 Nb6 18. Bd3 f5 19. Nc5 Qf7 20. Re5 Bd7 21. Rde1 Rae8 22. h3 Rxe5 23. Rxe5 Re8 24. Nxd7 Nxd7 25. Rxe8+ Qxe8 26. Qxd5+ Kh8 27. Qxf5 Qe1+ 28. Bf1 Qe8 29. Bb5 Qe1+ 30. Kh2 Qe5+ 31. Qxe5 Nxe5 32. f4 Nf7 33. Kg3 a6 34. Bd3 Nd6 35. f5 b5 36. Kf4 Ne8 37. Ke5 Kg8 38. c4 b4 39. c5 a5 40. Bb5 Nc7 41. Bd7 Kf8 42. Kd6 Na8 43. Bc6 1-0

[Event "San Francisco TNM Spring op"]
[Site "San Francisco"]
[Date "2017.05.02"]
[Round "8"]
[White "Otterbach, Renate"]
[Black "Harris, Clarence"]
[Result "0-1"]
[WhiteElo "1265"]
[BlackElo "1400"]
[PlyCount "54"]
[EventDate "2017.03.14"]
[EventType "swiss"]
[EventRounds "8"]
[EventCountry "USA"]
[SourceTitle "EXT 2023"]
[Source "ChessBase"]
[SourceDate "2022.10.05"]
[SourceVersion "1"]
[SourceVersionDate "2022.10.05"]
[SourceQuality "1"]

1. d4 Nf6 2. Bf4 d6 3. h3 Nc6 4. e3 g6 5. Nf3 Bg7 6. c3 0-0 7. Bd3 Be6 8. Nbd2 Qd7 9. Qc2 Nh5 10. Bg5 f5 11. 0-0-0 Nf6 12. Bf4 Rac8 13. Ng5 Bd5 14. Ngf3 Na5 15. e4 fxe4 16. Nxe4 Nxe4 17. Bxe4 Bxa2 18. Nd2 Rxf4 19. b4 Qe6 20. bxa5 Rxf2 21. Rhe1 Bh6 22. Kb2 Rxd2 23. Rxd2 Bxd2 24. Qxd2 Qb3+ 25. Kc1 Qa3+ 26. Qb2 Qxa5 27. Bb1 Bxb1 0-1

[Event "San Francisco TNM Spring op"]
[Site "San Francisco"]
[Date "2017.04.04"]
[Round "4"]
[White "Cheng, Andrew Ys"]
[Black "Otterbach, Renate"]
[Result "1-0"]
[WhiteElo "1353"]
[BlackElo "1265"]
[PlyCount "75"]
[EventDate "2017.03.14"]
[EventType "swiss"]
[EventRounds "8"]
[EventCountry "USA"]
[SourceTitle "EXT 2023"]
[Source "ChessBase"]
[SourceDate "2022.10.05"]
[SourceVersion "1"]
[SourceVersionDate "2022.10.05"]
[SourceQuality "1"]

1. e4 e6 2. Nf3 d5 3. e5 c5 4. Bb5+ Bd7 5. Bxd7+ Nxd7 6. 0-0 Ne7 7. Re1 Nc6 8. c3 Rc8 9. d4 cxd4 10. cxd4 Bb4 11. Nc3 0-0 12. a3 Ba5 13. b4 Bb6 14. Bg5 Qc7 15. Nb5 Qb8 16. Nd6 f6 17. Nxc8 Qxc8 18. exf6 Nxf6 19. Rc1 Qe8 20. Bxf6 Rxf6 21. Qd3 Rh6 22. Rc2 Qh5 23. h3 Rg6 24. Kf1 Rf6 25. Rce2 Nd8 26. Re5 Qf7 27. R1e2 Rh6 28. Ng5 Qd7 29. R5e3 Qd6 30. Rg3 Nc6 31. Nf3 Rf6 32. b5 Ne7 33. Ne5 Nf5 34. Rg4 Bc7 35. Rf4 Qf8 36. Rf3 Bxe5 37. dxe5 Rg6 38. g4 1-0

[Event "San Francisco TNM Spring op"]
[Site "San Francisco"]
[Date "2017.03.21"]
[Round "2"]
[White "Chan, John"]
[Black "Otterbach, Renate"]
[Result "1-0"]
[WhiteElo "1551"]
[BlackElo "1265"]
[PlyCount "97"]
[EventDate "2017.03.14"]
[EventType "swiss"]
[EventRounds "8"]
[EventCountry "USA"]
[SourceTitle "EXT 2023"]
[Source "ChessBase"]
[SourceDate "2022.10.05"]
[SourceVersion "1"]
[SourceVersionDate "2022.10.05"]
[SourceQuality "1"]

1. d4 d5 2. Nf3 Nf6 3. h3 e6 4. c3 c5 5. e3 Be7 6. Be2 Bd7 7. b3 b5 8. dxc5 Bxc5 9. b4 Bb6 10. Bd3 Ne4 11. Qe2 a6 12. Bb2 0-0 13. h4 f6 14. Na3 Bc7 15. Bxe4 dxe4 16. Nd4 Qe8 17. h5 h6 18. Nb3 Nc6 19. Nc5 Bc8 20. Nxe4 Ne5 21. f4 Bb7 22. Ng3 Nf7 23. Rg1 Rd8 24. Nc2 Nd6 25. Nd4 f5 26. Nf3 Nc4 27. Nd4 g5 28. hxg6 Qxg6 29. Nf1 Qg4 30. Qxg4+ fxg4 31. Bc1 Rd6 32. a4 Bb6 33. a5 Bd8 34. g3 Bf6 35. Ra2 Bf3 36. Rh2 Bg7 37. Rh5 Be4 38. Rh4 e5 39. fxe5 Nxe5 40. Nh2 Nd3+ 41. Kd1 Nf2+ 42. Kd2 Nd3 43. Nxg4 Rg6 44. Nxh6+ Rxh6 45. Rxe4 Nf2 46. Rf4 Rh2 47. Rxf8+ Kxf8 48. Ne2 Ne4+ 49. Ke1 1-0

[Event "San Francisco TNM Fall op"]
[Site "San Francisco"]
[Date "2016.11.15"]
[Round "5"]
[White "Otterbach, Renate"]
[Black "Boldi, Nicholas Armen"]
[Result "1-0"]
[WhiteElo "1259"]
[BlackElo "1133"]
[PlyCount "73"]
[EventDate "2016.10.18"]
[EventType "swiss"]
[EventRounds "9"]
[EventCountry "USA"]
[SourceTitle "EXT 2018"]
[Source "ChessBase"]
[SourceDate "2017.10.13"]
[SourceVersion "1"]
[SourceVersionDate "2017.10.13"]
[SourceQuality "1"]

1. Nf3 Nc6 2. e4 e6 3. d3 d5 4. e5 Bc5 5. d4 Bb6 6. Be3 Bd7 7. Bd3 Nge7 8. 0-0 a6 9. c3 Rc8 10. b4 Na7 11. a4 c6 12. Nbd2 Ra8 13. c4 Rc8 14. c5 Bc7 15. Ng5 h6 16. Nh3 b5 17. a5 h5 18. Ng5 Nf5 19. Qf3 Qe7 20. Bf4 Nxd4 21. Qe3 Nf5 22. Qh3 f6 23. Ngf3 fxe5 24. Nxe5 Bxe5 25. Bxe5 h4 26. Bxf5 exf5 27. Bd6 Qf7 28. Rae1+ Kd8 29. f4 Ra8 30. Nf3 Kc8 31. Re7 Qf6 32. Rfe1 Rd8 33. Ng5 Qd4+ 34. Qe3 Qxb4 35. Ne6 Rg8 36. Nc7 Qxa5 37. Nxa8 1-0

[Event "San Francisco Benson Memorial"]
[Site "San Francisco"]
[Date "2016.09.13"]
[Round "7"]
[White "Otterbach, Renate"]
[Black "Starr, Albert Martin"]
[Result "0-1"]
[WhiteElo "1261"]
[BlackElo "1518"]
[PlyCount "82"]
[EventDate "2016.08.02"]
[EventType "swiss"]
[EventRounds "9"]
[EventCountry "USA"]
[SourceTitle "EXT 2018"]
[Source "ChessBase"]
[SourceDate "2017.10.13"]
[SourceVersion "1"]
[SourceVersionDate "2017.10.13"]
[SourceQuality "1"]

1. d4 f5 2. Bg5 g6 3. c4 Bg7 4. Nc3 Nf6 5. Nf3 d6 6. Bxf6 Bxf6 7. e4 0-0 8. Bd3 e6 9. 0-0 c5 10. Ne2 Nc6 11. a3 Nxd4 12. Nexd4 Bxd4 13. Qd2 e5 14. exf5 Bxf5 15. Nxd4 exd4 16. Bxf5 Rxf5 17. Rfe1 Qg5 18. Qxg5 Rxg5 19. Re7 b6 20. Rd7 Re5 21. Rxd6 Rae8 22. Kf1 Re2 23. b3 Rb2 24. b4 Ree2 25. Rd8+ Kf7 26. Rd7+ Re7 27. Rxe7+ Kxe7 28. Re1+ Kf7 29. Re2 Rb3 30. Rd2 Rc3 31. bxc5 bxc5 32. Ke2 Rxc4 33. Kd3 Ra4 34. g4 Ke6 35. Re2+ Kd5 36. Ra2 c4+ 37. Kd2 Ke4 38. Ke2 d3+ 39. Kd2 Kd4 40. h4 c3+ 41. Kd1 Kc4 0-1

[Event "San Francisco Benson Memorial"]
[Site "San Francisco"]
[Date "2016.08.16"]
[Round "3"]
[White "Otterbach, Renate"]
[Black "Donaldson, Kyle Garrett"]
[Result "0-1"]
[WhiteElo "1261"]
[BlackElo "1453"]
[PlyCount "72"]
[EventDate "2016.08.02"]
[EventType "swiss"]
[EventRounds "9"]
[EventCountry "USA"]
[SourceTitle "EXT 2018"]
[Source "ChessBase"]
[SourceDate "2017.10.13"]
[SourceVersion "1"]
[SourceVersionDate "2017.10.13"]
[SourceQuality "1"]

1. d4 Nf6 2. c4 e6 3. Nc3 Bb4 4. Bd2 0-0 5. e4 Bxc3 6. Bxc3 Nxe4 7. Bd3 Nxc3 8. bxc3 Nc6 9. Nf3 d6 10. 0-0 e5 11. d5 Ne7 12. h3 f5 13. Nh2 c6 14. Qh5 Ng6 15. g3 Qf6 16. Rac1 Bd7 17. Bb1 Be8 18. Qe2 Bf7 19. dxc6 bxc6 20. a4 Rae8 21. Rfe1 d5 22. Ba2 e4 23. cxd5 cxd5 24. Qb5 Rd8 25. Nf1 Ne5 26. Rc2 Nf3+ 27. Kh1 Nxe1 28. Rc1 Nf3 29. Nh2 Nxh2 30. Kxh2 f4 31. g4 f3 32. Kg1 Qf4 33. Rd1 d4 34. c4 e3 35. fxe3 Qxe3+ 36. Kh2 Qf2+ 0-1

[Event "San Francisco TNM Summer op"]
[Site "San Francisco"]
[Date "2016.05.24"]
[Round "1"]
[White "Otterbach, Renate"]
[Black "Kim, Isaiah T"]
[Result "0-1"]
[WhiteElo "1270"]
[BlackElo "1836"]
[PlyCount "80"]
[EventDate "2016.05.24"]
[EventType "swiss"]
[EventRounds "8"]
[EventCountry "USA"]
[SourceTitle "EXT 2018"]
[Source "ChessBase"]
[SourceDate "2017.10.13"]
[SourceVersion "1"]
[SourceVersionDate "2017.10.13"]
[SourceQuality "1"]

1. d4 d5 2. Nf3 Nf6 3. e3 Bg4 4. Be2 e6 5. Ne5 Bxe2 6. Qxe2 c6 7. 0-0 Bd6 8. f4 0-0 9. Nd2 c5 10. c3 Nc6 11. Rf3 Re8 12. Rh3 cxd4 13. exd4 Bf8 14. g4 g6 15. g5 Nxe5 16. fxe5 Nh5 17. Nf1 Be7 18. Qg4 b5 19. Ng3 Nxg3 20. hxg3 h5 21. gxh6 Kh7 22. Bd2 a5 23. Rh5 Ra7 24. b3 b4 25. cxb4 Bxb4 26. Bg5 gxh5 27. Qxh5 Qb6 28. Be3 Rg8 29. Kg2 a4 30. bxa4 Bc3 31. Rf1 Rg6 32. Qd1 Qb2+ 33. Rf2 Qa1 34. Qb3 Bxd4 35. Qd3 Bxe3 36. Qxe3 d4 37. Qb3 Qc3 38. Qb6 Rxg3+ 39. Kf1 Qc1+ 40. Ke2 Re3# 0-1

[Event "San Francisco TNM Spring op"]
[Site "San Francisco"]
[Date "2016.04.12"]
[Round "5"]
[White "Oyuntseren, Togtokh"]
[Black "Otterbach, Renate"]
[Result "1-0"]
[WhiteElo "1571"]
[BlackElo "1270"]
[PlyCount "91"]
[EventDate "2016.03.15"]
[EventType "swiss"]
[EventRounds "8"]
[EventCountry "USA"]
[SourceTitle "EXT 2018"]
[Source "ChessBase"]
[SourceDate "2017.10.13"]
[SourceVersion "1"]
[SourceVersionDate "2017.10.13"]
[SourceQuality "1"]

1. d4 e6 2. Bf4 f5 3. Nf3 Nf6 4. a3 Be7 5. c4 c5 6. d5 d6 7. Nc3 e5 8. Bg5 Nbd7 9. Bxf6 Bxf6 10. e4 f4 11. Bd3 0-0 12. Nb5 Be7 13. 0-0 Nf6 14. h3 Bd7 15. Nc3 Nh5 16. Nxe5 dxe5 17. Qxh5 Bf6 18. b4 g6 19. Qe2 Bh4 20. bxc5 Bxh3 21. gxh3 f3 22. Qd2 Bg5 23. Qc2 Bf4 24. Ne2 Qg5+ 25. Ng3 Bxg3 26. fxg3 Qxg3+ 27. Kh1 Qxh3+ 28. Qh2 Qg4 29. Rg1 Qf4 30. Qxf4 Rxf4 31. Kh2 f2 32. Rg3 Raf8 33. Rf1 h6 34. Rxg6+ Kh7 35. Rg3 h5 36. d6 R8f7 37. Rh3 Kh6 38. Be2 h4 39. Rd3 Rd7 40. Kh3 Rxe4 41. Bg4 Rf4 42. Bxd7 Re4 43. Bg4 Kg5 44. d7 Rxg4 45. d8Q+ Kf4 46. Rxf2+ 1-0

[Event "San Francisco TNM Summer op"]
[Site "San Francisco"]
[Date "2015.06.02"]
[Round "2"]
[White "Otterbach, Renate"]
[Black "Morgan, Jerry"]
[Result "0-1"]
[WhiteElo "1148"]
[BlackElo "1538"]
[PlyCount "44"]
[EventDate "2015.05.26"]
[EventType "swiss"]
[EventRounds "8"]
[EventCountry "USA"]
[SourceTitle "EXT 2016"]
[Source "ChessBase"]
[SourceDate "2015.10.08"]
[SourceVersion "1"]
[SourceVersionDate "2015.10.08"]
[SourceQuality "1"]

1. d4 d5 2. Bf4 c6 3. e3 Qb6 4. b3 Nf6 5. Bd3 Bg4 6. f3 Bh5 7. Ne2 Nbd7 8. Nd2 Bg6 9. e4 Nh5 10. Be3 e5 11. c3 Be7 12. f4 exf4 13. Nxf4 Nxf4 14. Bxf4 Bh4+ 15. g3 Be7 16. c4 Qxd4 17. Nf3 Qc3+ 18. Bd2 Qxd3 19. exd5 cxd5 20. cxd5 Be4 21. Kf2 Bxf3 22. Qxf3 Qxd2+ 0-1

[Event "San Francisco TNM Spring op"]
[Site "San Francisco"]
[Date "2015.03.17"]
[Round "1"]
[White "Yamamoto, Shu"]
[Black "Otterbach, Renate"]
[Result "1-0"]
[WhiteElo "1668"]
[BlackElo "997"]
[PlyCount "79"]
[EventDate "2015.03.17"]
[EventType "swiss"]
[EventRounds "8"]
[EventCountry "USA"]
[SourceTitle "EXT 2016"]
[Source "ChessBase"]
[SourceDate "2015.10.08"]
[SourceVersion "1"]
[SourceVersionDate "2015.10.08"]
[SourceQuality "1"]

1. d4 d5 2. c4 c6 3. Nc3 Nf6 4. e3 Bf5 5. Qb3 Qc7 6. cxd5 Nbd7 7. dxc6 bxc6 8. Bc4 e6 9. Nge2 Be7 10. Ng3 Rb8 11. Qd1 Bg4 12. Qc2 0-0 13. e4 e5 14. Be3 Be6 15. Be2 Ng4 16. Nf5 Bxf5 17. Nd5 Nxe3 18. Nxe7+ Kh8 19. fxe3 Bg6 20. Nf5 Bxf5 21. exf5 Nf6 22. Bf3 Qa5+ 23. Kf2 Qb5 24. b3 exd4 25. exd4 g6 26. fxg6 fxg6 27. h3 Nd5 28. Rhe1 Qb6 29. Qc5 Qb4 30. Qxb4 Nxb4 31. Red1 Rf5 32. g4 Rf7 33. Kg3 g5 34. Rd2 Re7 35. Rc1 Rc8 36. d5 c5 37. d6 Rd7 38. Be4 Kg7 39. Bf5 Rxd6 40. Rxd6 1-0

[Event "San Francisco TNM Winter op"]
[Site "San Francisco"]
[Date "2015.02.24"]
[Round "8"]
[White "Bayaraa, Bilguun"]
[Black "Otterbach, Renate"]
[Result "0-1"]
[WhiteElo "644"]
[BlackElo "1076"]
[PlyCount "26"]
[EventDate "2015.01.06"]
[EventType "swiss"]
[EventRounds "8"]
[EventCountry "USA"]
[SourceTitle "EXT 2016"]
[Source "ChessBase"]
[SourceDate "2015.10.08"]
[SourceVersion "1"]
[SourceVersionDate "2015.10.08"]
[SourceQuality "1"]

1. d4 d5 2. Nf3 Nf6 3. Nc3 e6 4. Bf4 Nbd7 5. e3 c5 6. dxc5 Nxc5 7. a3 Be7 8. b4 Nce4 9. Nxe4 Nxe4 10. Bd3 Bf6 11. Rc1 Nc3 12. Qd2 Na2 13. Rb1 Bc3 0-1